000 00294nam a22001337a 4500
008 181009b xxu||||| |||| 00| 0 eng d
020 _a047160318-X
041 _aeng
080 _22nd
_a330.722
100 _a61
101 _aKF
245 _aCost Accounting
_cMoriarity,Sh
942 _2udc
_cBK
999 _c49142
_d49142